Environmental changes, temperature, creep and shrinkage in concrete structures (Record no. 94554)

MARC details
000 -LEADER
fixed length control field 00544cam a2200205 4500
001 - CONTROL NUMBER
control field D1312
008 - FIXED-LENGTH DATA ELEMENTS--GENERAL INFORMATION
fixed length control field 090401t1970 xxu||||| |||| 00| 0 eng d
035 ## - SYSTEM CONTROL NUMBER
System control number (Sirsi) u63415
041 ## - LANGUAGE CODE
Language code of text/sound track or separate title eng
050 ## - LIBRARY OF CONGRESS CALL NUMBER
Classification number 693.5
100 ## - MAIN ENTRY--PERSONAL NAME
Personal name Bate, S.C.C.
245 ## - TITLE STATEMENT
Title Environmental changes, temperature, creep and shrinkage in concrete structures
260 ## - PUBLICATION, DISTRIBUTION, ETC.
Place of publication, distribution, etc. Garston, Watford
Name of publisher, distributor, etc. Building Research Station
Date of publication, distribution, etc. 1970
300 ## - PHYSICAL DESCRIPTION
Extent 20p. 30cm
350 ## - PRICE (NR) (BK AM CF MU VM SE) [OBSOLETE]
Price 0
490 ## - SERIES STATEMENT
Series statement Current Paper
Volume/sequential designation 7/70
700 ## - ADDED ENTRY--PERSONAL NAME
Personal name Lewsley, C.S.
942 ## - ADDED ENTRY ELEMENTS (KOHA)
Suppress in OPAC 0
948 ## - LOCAL PROCESSING INFORMATION (OCLC); SERIES PART DESIGNATOR (RLIN)
c (OCLC) 04/03/1997
Holdings
Withdrawn status Lost status Source of classification or shelving scheme Damaged status Not for loan Home library Current library Shelving location Date acquired Total Checkouts Full call number Barcode Date last seen Copy number Price effective from Koha item type
    Dewey Decimal Classification     London London Basement 03/10/1995   SHELF 323 30046616 06/08/2019 1 06/08/2019 Book